000 00427nam a2200145 i 4500
001 bg
245 0 _aPodstawy konstrukcji elektronicznych :
_bćwiczenia laboratoryjne /
_cRyszard Kisiel [et al.].
250 _aWyd.2.
260 _aWarszawa :
_bWydawnictwa Politechniki Warszawskiej,
_c1991.
650 9 _aElektronika
_xurządzenia
040 _cBPK
041 _apol
942 _cKS
008 s pl f |000 0 pol
999 _c5507
_d5507
856 _uhttp://koha.tu.koszalin.pl/cgi-bin/koha/opac-detail.pl?biblionumber=5507
_yKatalog online BPK